Calculus and analytic geometry / (Record no. 1248)

MARC details
000 -LEADER
fixed length control field 01213nac a22003371i 4500
003 - CONTROL NUMBER IDENTIFIER
control field EG-ScBUE
005 - DATE AND TIME OF LATEST TRANSACTION
control field 20241010111829.0
008 - FIXED-LENGTH DATA ELEMENTS--GENERAL INFORMATION
fixed length control field 241010t1992 maua f 001 0 eng d
020 ## - INTERNATIONAL STANDARD BOOK NUMBER
International Standard Book Number 9780071229111
020 ## - INTERNATIONAL STANDARD BOOK NUMBER
International Standard Book Number 0071229116
040 ## - CATALOGING SOURCE
Original cataloging agency EG-ScBUE
Language of cataloging eng
Description conventions rda
Transcribing agency EG-ScBUE
Modifying agency EG-ScBUE
082 04 - DEWEY DECIMAL CLASSIFICATION NUMBER
Classification number 515.16
Item number STE
Edition number 22
100 1# - MAIN ENTRY--PERSONAL NAME
Personal name Stein, Sherman K.,
Relator term author.
245 10 - TITLE STATEMENT
Title Calculus and analytic geometry /
Statement of responsibility, etc Sherman K. Stein, University of California, Davis, Anthony Barcellos, American River College.
250 ## - EDITION STATEMENT
Edition statement Fifth edition.
250 ## - EDITION STATEMENT
Edition statement International edition.
264 #1 - PUBLICATION, DISTRIBUTION, ETC. (IMPRINT)
Place of publication, distribution, etc Boston :
Name of publisher, distributor, etc McGraw-Hill,
Date of publication, distribution, etc [1992]
264 #4 - PUBLICATION, DISTRIBUTION, ETC. (IMPRINT)
Date of publication, distribution, etc c1992
300 ## - PHYSICAL DESCRIPTION
Extent 1 volume (various pagings) :
Other physical details illustrations ;
Dimensions 26 cm
336 ## - CONTENT TYPE
Source rdacontent
Content type term text
Content type code txt
337 ## - MEDIA TYPE
Media type term unmediated
Source rdamedia
Media type code n
338 ## - CARRIER TYPE
Carrier type term volume
Carrier type code nc
Source rdacarrier
500 ## - GENERAL NOTE
General note Includes index.
650 #7 - SUBJECT ADDED ENTRY--TOPICAL TERM
Topical term or geographic name as entry element Calculus.
Source of heading or term BUEsh
650 #7 - SUBJECT ADDED ENTRY--TOPICAL TERM
Topical term or geographic name as entry element Geometry, Analytic.
Source of heading or term BUEsh
655 ## - INDEX TERM--GENRE/FORM
Form subdivision Reading book
700 1# - ADDED ENTRY--PERSONAL NAME
Personal name Barcellos, Anthony,
Relator term author.
856 42 - ELECTRONIC LOCATION AND ACCESS
Materials specified Publisher description
Uniform Resource Identifier <a href="http://www.loc.gov/catdir/description/mh022/91011421.html">http://www.loc.gov/catdir/description/mh022/91011421.html</a>
856 42 - ELECTRONIC LOCATION AND ACCESS
Materials specified Table of contents
Uniform Resource Identifier <a href="http://www.loc.gov/catdir/toc/mh021/91011421.html">http://www.loc.gov/catdir/toc/mh021/91011421.html</a>
942 ## - ADDED ENTRY ELEMENTS (KOHA)
Koha item type NB - Book (Non borrowing)
Source of classification or shelving scheme Dewey Decimal Classification
Holdings
Withdrawn status Lost status Source of classification or shelving scheme Damaged status Not for loan Collection code Home library Current library Shelving location Date acquired Source of acquisition Cost, normal purchase price Total Checkouts Full call number Barcode Date last seen Cost, replacement price Price effective from Koha item type Date checked out Total Renewals
    Dewey Decimal Classification     Baccah Central Library Central Library First floor 02/08/2007 Purchase 372.00 2 515.16 STE 000003233 15/07/2025 465.00 29/08/2006 NB - Book (Non borrowing)    
    Dewey Decimal Classification     Baccah Central Library Central Library First floor 02/08/2007 Purchase 372.00   515.16 STE 000005099 15/07/2025 465.00 09/08/2007 Book - Borrowing    
    Dewey Decimal Classification     Baccah Central Library Central Library First floor 02/08/2007 Purchase 372.00 1 515.16 STE 000005100 15/07/2025 465.00 09/08/2007 Book - Borrowing 24/10/2016  
    Dewey Decimal Classification     Baccah Central Library Central Library First floor 02/08/2007 Purchase 372.00 1 515.16 STE 000000019 15/07/2025 465.00 20/08/2007 Book - Borrowing 19/10/2016 12
    Dewey Decimal Classification     Baccah Central Library Central Library First floor 02/08/2007 Purchase 372.00   515.16 STE 000000171 15/07/2025 465.00 29/08/2007 Book - Borrowing    
    Dewey Decimal Classification     Baccah Central Library Central Library First floor 02/08/2007 Purchase 372.00 3 515.16 STE 000005433 15/07/2025 465.00 06/09/2007 Book - Borrowing 12/11/2017 31
    Dewey Decimal Classification     Baccah Central Library Central Library First floor 02/08/2007 Purchase 372.00 3 515.16 STE 000005434 15/07/2025 465.00 06/09/2007 Book - Borrowing 18/12/2016 26
    Dewey Decimal Classification     Baccah Central Library Central Library First floor 18/03/2018 Purchase     515.16 STE 000047439 15/07/2025   18/03/2018 NB - Book (Non borrowing)